Estatísticas para Maiores Cidades de Rondônia

Clique aqui para jogar o quiz

Estatísticas Gerais

  • Esse quiz foi jogado 127 vezes
  • A pontuação média é 9 de 13

Respostas no mapa

Respostas codificadas por cores de uma escala verde-vermelha no mapa do quiz de acordo com a % correta abaixo.
 

Estatísticas das Respostas

PopulaçãoCidade% Correto
491.790Porto Velho
100%
116.910Ji-Paraná
92%
96.870Vilhena
85%
92.760Ariquemes
82%
67.690Cacoal
78%
39.350Guajará-Mirim
67%
45.320Rolim de Moura
60%
34.860Jaru
58%
32.080Pimenta Bueno
58%
23.460Espigão d'Oeste
48%
26.550Ouro Preto do Oeste
48%
21.230Machadinho d'Oeste
43%
22.580Buritis
37%

Distribuição das Pontuações

Percentil de Números Respondidos

Porcentagem de Pessoas com Cada Pontuação

Sua Pontuação Histórica

Você não jogou esse quiz